000 00580nam a2200241Ia 4500
003 OSt
005 20220924144749.0
006 a|||||r|||| 00| 0
007 ta
008 220923b |||||||| |||| 00| 0 urd d
020 _c10.00
024 _a321357
037 _cTextual
040 _aARTS
_cARTS
_burd
041 _2urd
_aurd
082 _aQ7xM17, 168K6
100 _aSabri Imdad Au.
245 0 _aAsaar-e-rehmat
260 _c1966
650 _aISLAM
_9577
942 _hQ7xM17, 168K6
_cTEXL
_2CC
999 _c458223
_d458223